Diagnostika anténneho systému
Salvato in:
| Autore principale: | |
|---|---|
| Altri autori: | |
| Natura: | Manoscritto Libro |
| Lingua: | slovacco |
| Pubblicazione: |
2024
|
| Soggetti: | |
| Accesso online: | http://is.stuba.sk/zp/portal_zp.pl?podrobnosti=171127 |
| Tags: |
Nessun Tag, puoi essere il primo ad aggiungerne!!
|
MARC
| LEADER | 00000ntm a22000003a 4500 | ||
|---|---|---|---|
| 001 | stuzp86493 | ||
| 003 | SK-STU | ||
| 005 | 20241214210332.1 | ||
| 007 | ta | ||
| 008 | 150427s2015----xo-----f-mn---000-0-slo-d | ||
| 040 | |a STU |b slo | ||
| 041 | 0 | |a slo | |
| 100 | 1 | |a Krchnák, Jakub |u 034000 |k Z1 |4 aut |U FEI Fakulta elektrotechniky a informatiky |T FEI Ústav elektrotechniky |X 87089 |U E040 |Y 550 |7 87089 | |
| 242 | 0 | 1 | |a Antenna system diagnostics |y eng |
| 245 | 1 | 0 | |a Diagnostika anténneho systému |
| 260 | |c 2024 | ||
| 650 | 4 | |a smerová charakteristika |2 slo | |
| 650 | 4 | |a anténny systém |2 slo | |
| 650 | 4 | |a numerická analýza |2 slo | |
| 650 | 4 | |a vzdialené pole |2 slo | |
| 650 | 4 | |a matematická analýza |2 slo | |
| 650 | 4 | |a analýza a meranie antén |2 slo | |
| 650 | 4 | |a antenna system |2 eng | |
| 650 | 4 | |a numerical analysis |2 eng | |
| 650 | 4 | |a far field |2 eng | |
| 650 | 4 | |a radiation pattern |2 eng | |
| 650 | 4 | |a mathematical analysis |2 eng | |
| 650 | 4 | |a antenna measurement and analysis |2 eng | |
| 700 | 1 | |a Harťanský, René |u 034000 |k Z1 |4 ths |U FEI Fakulta elektrotechniky a informatiky |T FEI Ústav elektrotechniky |X 2588 |U E040 |Y 550 |7 A000002588 | |
| 856 | 4 | |u http://is.stuba.sk/zp/portal_zp.pl?podrobnosti=171127 | |